Video Games by Year: 2004 - Statistics

General Stats
  • This quiz has been taken 65 times
  • The average score is 4 of 16
Answer Stats
Picture Answer % Correct
Grand Theft Auto: San Andreas
90%
Star Wars: Battlefront
67%
Half-Life 2
54%
Fable
46%
Medal of Honor: Pacific Assault
36%
Gran Turismo 4
33%
Need for Speed: Underground 2
33%
Mortal Kombat: Deception
15%
Ace Combat 5: The Unsung War
11%
Hitman: Contracts
11%
Vampire: The Masquerade - Bloodlines
8%
Sacred
7%
Syberia II
7%
Painkiller
5%
Xenosaga Episode II
5%
Battlefield: Vietnam
2%
No matching quizzes found
Score Distribution
Percent of People with Each Score
Percentile by Number Answered
Your Score History
You have not taken this quiz